[Event "Corus Wijk aan Zee"]
[Site " Wijk aan Zee"]
[Date "2007.01.18"]
[Round "5"]
[White "GM Aronian, Levon (ARM) "]
[Black "GM Carlsen, Magnus (NOR)"]
[Result "1/2-1/2"]
[WhiteElo "2744"]
[BlackElo "2690"]
[Annotator "Ðîìàí Âèëÿâèí "]
[PlyCount "39"]
[EventDate "2007.01.??"]
[EventType "tourn"]
[EventCountry "NED"]
[EventCategory "19"]
[Source "CrestBook.com"]

1. d4 Nf6 2. c4 e6 3. Nf3 b6 4. g3 Ba6 5. Qc2 Bb7 6. Bg2 c5 7. d5 exd5 8. cxd5
$5 {Â 2006-ì ãîäó ÷¸ðíûå ïîòåðïåëè çäåñü 6 ïîðàæåíèé, à åäèíñòâåííàÿ ïîáåäà
áûëà îäåðæàíà Êóðàèöåé ïðîòèâ øàõìàòèñòà ÿâíî óñòóïàþùåãî â êëàññå. Ïîñìîòðèì,
÷òî ïðèãîòîâèë çäåñü Ìàãíóñ.} Nxd5 ({Â Äîðòìóíäå ïðîòèâ Ãåëüôàíäà Ëåâîí
çàùèùàëñÿ ÷¸ðíûìè, ïðè÷,ì íå îñîáåííî óäà÷íî} 8... Bxd5 9. Nc3 Bc6 10. e4
Be7 11. Bf4 O-O 12. O-O-O Na6 13. Qe2 Nb4 14. a3 Qc8 15. Kb1 a5 16. Ne5 Re8 17.
Rhe1 Bf8 18. g4 g6 19. Bg3 Re6 20. f4 $16 {
Gelfand,B (2729)-Aronian,L (2761)/Dortmund GER 2006/1-0).}) 9. O-O Be7 (9...
Nc7 10. e4 Be7 11. Nc3 O-O 12. Rd1 Nc6 13. Be3 {
(Tregubov ,P (2594)-Sargissian,G (2667)/Mainz GER 2006 ).}) 10. Rd1 ({
Â äóõå âàðèàíòà áûëî áû ïðîäîëæåíèå} 10. Ne5 $5 {
, ïðîáóÿ èñïîëüçîâàòü íåóñòîé÷èâîå ïîëîæåíèå êîíÿ íà d5, îäíàêî ïîñëå} Qc7 $1
{íè÷åãî êîíêðåòíîãî íå íàõîäèòñÿ.} 11. Nxf7 $6 (11. Qe4 O-O) 11... Nb4 $1 12.
Qc4 b5 $1 13. Qxb5 Bxg2 14. Nxh8 Bxf1 15. Kxf1 Qc6 $1 {è, ââèäó óãðîçû ìàòà íà
h1, ïðèõîäèòñÿ ìåíÿòü ôåðçåé, ïîñëå ÷åãî êîíü h8 äîëæåí òèõî óìåðåòü íà
÷óæáèíå.}) ({Áåëûå (ïîñëå} 10. Ne5 $5 Qc7 11. Nxf7 $6 Nb4 $1 12. Qc4 b5 $1 13.
Qxb5 Bxg2 14. Nxh8 Bxf1 {)} {
, âïðî÷åì, òàêæå ìîãóò îòâåòèòü äâóìÿ ïðîìåæóòêàìè:} 15. Qc4 d5 16. Qg4 $1 {
, îäíàêî, ïî ìîåìó ìíåíèþ, ïîñëå} Qd7 17. Qh5+ g6 18. Nxg6 hxg6 19. Qxg6+ Kd8
20. Kxf1 Qh3+ 21. Kg1 Nd7 {
è ïîñëåäóþùåãî íàñòóïëåíèÿ ïî ëèíèè «h» èì íåñäîáðîâàòü.}) 10... Qc8 11. Bg5
{Î÷åâèäíî, Ëåâîí íå íàñòðîåí íà áîðüáó â ñåãîäíÿøíåé ïàðòèè.} h6 (11... f6 $5)
12. Bxe7 Nxe7 13. e4 O-O 14. Nc3 Nbc6 15. Rd2 Ba6 ({
Âðÿä ëè ñëîí òàì ðàñïîëîæåí ëó÷øå, à òåìï óæå ïîòðà÷åí. Åñòåñòâåííåå êàæåòñÿ
} 15... Rd8) 16. Bh3 Ng6 17. Bxd7 Qb7 18. Bh3 ({Îïàñíî} 18. Bxc6 Qxc6 19. Nd5 {
, è â êîíöå-êîíöîâ, ðàíî èëè ïîçäíî, äîëæíî ïîñëåäîâàòü f7-f5 ñ ïðî÷èñòêîé
îñëàáëåííîé áåëîïîëüíîé ìàãèñòðàëè. Âîçìîæíî, æ,ñòêîé êîìïüþòåðíîé èãðîé
ýòîìó ìîæíî âîñïðåïÿòñòâîâàòü, íî æèâîé ÷åëîâåê îáû÷íî òàêèå âàðèàíòû
îòôèëüòðîâûâàåò «íà îöåíêå».}) 18... Rad8 19. Rad1 (19. Nd5 $5) 19... Qb8 20.
Bg2 1/2-1/2

[Event "Corus Wijk aan Zee"]
[Site " Wijk aan Zee"]
[Date "2007.01.19"]
[Round "6"]
[White "GM Motylev, Alexander(RUS)"]
[Black "GM Carlsen, Magnus (NOR)"]
[Result "1/2-1/2"]
[WhiteElo "2647"]
[BlackElo "2690"]
[Annotator "Âàñèëèé Ëåáåäåâ"]
[PlyCount "88"]
[EventDate "2007.01.??"]
[EventType "tourn"]
[EventCountry "NED"]
[EventCategory "19"]
[Source "CrestBook.com"]

{Áîåâîé (õîòü è íå ñàìûé ðåçóëüòàòèâíûé) òóð - âñåãî ëèøü äâà «ãàäêèõ óò,
íêà»! Îñòàëüíûå íè÷åéíûå ïàðòèè íàèáîëåå ïîëíî ìîæíî îõàðàêòåðèçîâàòü
îäíèì-åäèíñòâåííûì ñëîâîì: «áîðüáà»!  Íî ñîáûòèåì òóðà, áåçóñëîâíî, ñòàëà
áëåñòÿùàÿ, ÷èñòî êðàìíèêîâñêàÿ, ïîáåäà ÷åìïèîíà ìèðà íàä äðóãèì ìåãàìîíñòðîì
Àíàíäîì.    ×òî-òî ñîâåðøåííî íåïîíÿòíîå òâîðèòñÿ c Àëåêñååì Øèðîâûì. 5-å (!)
ïîðàæåíèå ïîäðÿä! Æóòü! Êîøìàð! Íå âåðþ! Õîòÿ íåëüçÿ íå îòìåòèòü è þíîãî
èñòðåáèòåëÿ «÷åëÿáèíñêèõ» ÷óäîâèù ñóïåðÑåð,æó Êàðÿêèíà. Êîíå÷íî, íå
îáîøëîñü áåç âçàèìíûõ íåòî÷íîñòåé, íî ýòî áûâàåò ñî âñåìè.  Òîïàëîâ, êàê
âñåãäà, áûë áåñêîìïðîìèññåí, íî è åãî ñîïåðíèê, Äàâèä Íàâàðà íå ñòóøåâàëñÿ,
óâåðåííî è òåõíè÷íî îòñòîÿâ íè÷üþ. À âåäü ìîã áû è...  Àíàëèçèðóÿ ïîåäèíêè
ïîä íîìåðàìè 39 è 41, àâòîðû ñàéòà âñòóïèëè ìåæäó ñîáîé â íåîáúÿâëåííîå
«ñîðåâíîâàíèå»: êòî íàïèøåò ñàìûé èíòåðåñíûé êîììåíòàðèé ê ñîâåðøåííî
íèêàêîé ïàðòèè. Íàäååìñÿ, ÷òî âûèãðûøå îñòàíóòñÿ íàøè ÷èòàòåëè.  Íà ïåðâûé
âçãëÿä íåïîíÿòíûå, íî èíòåðåñíûå âåùè òâîðèëèñü â ïàðòèè Ñâèäëåð -Àðîíÿí... 
Âïåðâûå, ïîñëå êðàñèâîãî âûèãðûøà Ìàìåäüÿðîâà ó Ðóáëåâñêîãî íà ïðîøëîãîäíåì
Ôîðîñå, â ïàðòèè ýëèòíûõ øàõìàòèñòîâ áûë ðàçûãðàí äåáþò ÷åòûð,õ êîíåé. Ñ íå,
è íà÷í,ì ñâîé îáçîð.} 1. e4 e5 2. Nf3 Nc6 3. Nc3 Nf6 {Ïîâåÿëî òàêèì äàë,êèì è
ò,ïëûì. Äåòñòâîì... Äåáþò ÷åòûð,õ êîíåé... «Íîñòà-à-àëüæè-è-è»...} 4. Bb5
Nd4 {Õîä Ðóáèíøòåéíà! «Íûíå òàê îòâå÷àåò è Êðàìíèê; èìåííî èç-çà ýòîãî õîäà
êîí¸ì áåëûå ïåðåñòàëè èãðàòü ýòîò äåáþò» (Ãàðè Êàñïàðîâ, «ÌÂÏ-1» ñòð.217).
Êàê ìû âèäèì, ñîâñåì íå íàñîâñåì áåëûå ïåðåñòàëè. È åñëè ÷åëîâåê èç êîìàíäû
Êðàìíèêà äîïóñêàåò ýòîò õîä, òî ïîõîæå, ìû íàáëþäàåì ãëàâíóþ ëèíèþ ðàçâèòèÿ
øàõìàòíîé ìûñëè â ýòîì äåáþòå.} 5. Ba4 Bc5 ({Óâåðåí, ÷òî òåõ, êòî çàõî÷åò
ïîàòàêîâàòü â ýôôåêòíîì ñòèëå àëÿ Øàõðèÿð Ìàìåäüÿðîâ ïîñëå} 5... c6 6. Nxe5 d5
7. d3 Bd6 8. f4 Bc5 9. exd5 O-O 10. Ne4 Nxe4 11. dxe4 Qh4+ 12. g3 Qh3 13. Be3
Qg2 14. Rg1 Qxe4 15. Kf2 Re8 16. Qd3 Rxe5 17. fxe5 Qf3+ 18. Ke1 Bf5 {è ò.ä. (0-
1 Rublevsky,S (2687)-Mamedyarov,S (2699)/Foros UKR 2006), æä,ò, áîëüøîé
ñþðïðèç. È, ïî-âèäèìîìó, íå îäèí.}) 6. Nxe5 O-O 7. Nd3 Bb6 8. e5 c6 {
Äîâîëüíî ñâåæåå ïðîäîëæåíèå!} 9. O-O ({Ïàðòèé ñ õîäîì} 9. exf6 {îáíàðóæåíî íå
áûëî. Èíòåðåñíî ïî÷åìó? Íàâåðíîå, ïîòîìó ÷òî íèêîìó íå õî÷åòñÿ îêàçàòüñÿ â
ðîëè áîêñ,ðñêîé ãðóøè, ïðåäíàçíà÷åííîé äëÿ îòðàáîòêè êîìáèíàöèîííûõ óäàðîâ,
çàãîòîâëåííûõ â äîìàøíåé ëàáîðàòîðèè.  Õîòÿ, âû çíàåòå, â ñêîðîñïåëîì àíàëèçå
ÿ òóò íè÷åãî çà ÷¸ðíûõ íå íàø,ë...}) 9... Ne8 10. Ne2 ({
Êðàñèâî ïîáåäèëè ÷¸ðíûå â ïàðòèè} 10. Kh1 d6 11. exd6 Qh4 12. d7 Bxd7 13. Ne5
Be6 14. Nf3 Nxf3 15. Qxf3 Bc7 16. g3 Qh3 17. Kg1 Bg4 18. Qg2 Qh5 19. Re1 Bf3
20. Qf1 Nf6 21. d4 Ng4 22. h4 Qxh4 {0-1 Basoren,H-Bayram,Y/Turkey 1993/EXT 2004
}) 10... Qh4 $1 $146 {Ìàëûø èãðàåò, êðó÷å! Âèñèò ñëîí íà à4!} ({
Â ïàðòèÿõ íå ñàìûõ èçâåñòíûõ øàõìàòèñòîâ èñïûòûâàëîñü} 10... d5 11. Nxd4 Bxd4
12. c3 Bb6 13. Nf4 f6 14. exf6 Nxf6 15. d4 Bc7 16. Bc2 (16. f3 Bf5 17. Bc2 Qd7
18. Bxf5 Qxf5 19. Qd3 Qd7 20. Bd2 Rae8 21. Rae1 Qd6 22. g3 g5 23. Ng2 Nh5 24.
Rxe8 Rxe8 25. Bxg5 Nxg3 26. hxg3 Qxg3 27. Bh4 Qh2+ 28. Kf2 Bf4 29. Qc2 Be3+ 30.
Ke1 Bg5+ 31. Kd1 Bxh4 32. Nxh4 Qxh4 33. Rg1+ Kh8 34. Qg2 Qf6 35. a4 Rf8 36. Kc2
a5 37. Kb3 b6 38. f4 Qf7 39. Qg5 Re8 40. Rh1 c5 41. Rh5 cxd4 42. cxd4 Re6 43.
Qxd5 Qxf4 44. Qd8+ Kg7 45. Qd7+ Kf6 46. Rxh7 Qe3+ 47. Ka2 {
1-0 Vehi Bach,V (2379)-Banos,O (2280)/Manresa 2004/CBM 102 ext}) 16... Ng4 17.
h3 Bxf4 18. hxg4 Qh4 19. Bxf4 Rxf4 20. f3 Bd7 21. Qe1 Qh6 22. Qg3 Raf8 23. Rfe1
Qf6 24. Bf5 Qd6 25. Re5 R8xf5 26. gxf5 Bxf5 27. Qg5 Bg6 28. Rae1 Rf6 29. Re7 c5
30. Rxb7 cxd4 31. Re8+ Rf8 32. Ree7 Bf7 33. cxd4 h6 34. Qf5 Qg3 35. Qe5 Qh4 36.
Rxa7 Rc8 {1-0 Fichtl,J-Schuster,T/Oberhausen 1961/EU-chT}) 11. Nxd4 Qxd4 {
Èçâå÷íûé êîíôëèêò: «÷òî "áîëüøå" - ïåøêà èëè èíèöèàòèâà»?} 12. Bb3 d5 {
Ñàìîå âðåìÿ!} 13. Qe2 ({Â ñëó÷àå} 13. exd6 Bg4 14. Qe1 Nxd6 {ÿ äóìàþ, ÷òî
ñàìîå ýêñïðåññèâíîå ìíåíèå î ïîçèöèè âûñêàæåò áåëûé ñëîí íà ñ1...}) 13... f6 ({
Rybka íàñòàèâàåò íà ïîçèöèîííîì:} 13... Nc7 14. Qe3 Bf5 {
, è ðàçìåí ôåðçåé îòíþäü íå îáëåã÷àåò çàäà÷è áåëûõ:} 15. Qxd4 Bxd4 {
. Êàê ñêàçàë áû îñëèê Èà: «Äóøåðàçäèðàþùåå çðåëèùå...»}) 14. e6 Nc7 {
Ðàíüøå ìû âñåãäà óïðåêàëè «êîìïû» â ìàòåðèàëèçìå. Íî òåïåðü óæå è ýòî ðåäêî
ïðèõîäèòñÿ äåëàòü.} ({«Èõ» ðåêîìåíäàöèÿ:} 14... Nd6 $1 15. c3 Qe4 16. Qxe4
Nxe4 {, è ïîçèöèÿ óðàâíèâàåòñÿ. Êîíå÷íî, íå ýòîãî õîòåëè ÷¸ðíûå. Íî, ìîæåò
áûòü, ýòî ìàêñèìóì òîãî, íà ÷òî îíè ìîãóò ðàññ÷èòûâàòü?}) 15. c3 Qh4 16. g3
Qh6 17. Nc5 $1 ({È îïÿòü «êîìï» ïðåäëàãàåò íå÷òî ñîâñåì óæ ðàäèêàëüíîå, è
î÷åíü êîðÿâîå íà âèä:} 17. e7 $6 Re8 18. c4 {Íåò. Íå «ãëàìóðíî» ýòî è íå
«ýñòåòè÷íî». Äà ê òîìó æå è ãîëîâîëîìíî âåñüìà! Õîòÿ êàê âû ñàìè ïîíèìàåòå
«êðåàòèâà» òóò - âûøå êðûøè!}) 17... Bxc5 ({
À íå ñèëüíåå ëè òóò ñïîêîéíî-óðàâíèâàþùåå} 17... Nxe6 $5) 18. d4 Qh3 19. dxc5
Nxe6 {Òàê! Ãàìáèòíóþ ïåøêó ÷¸ðíûå íàêîíåö-òî îòûãðàëè... Ìîæíî æèòü!} 20. Be3
Re8 21. Qd2 Nf8 ({À åñëè ïðûãíóòü âïåð,ä:} 21... Ng5 22. Bxg5 fxg5 {. È ïëîõî}
23. Qxg5 $6 {ââèäó} Bg4 24. Qh4 Qxh4 25. gxh4 Be2 26. Rfe1 Re4 {
, ïîñëå ÷åãî ÷¸ðíûå ðàçâèâàþò íåêîòîðóþ èíèöèàòèâó.}) ({À (ïîñëå} 21... Ng5
22. Bxg5 fxg5 {) íà} 23. c4 $5 {õîðîøà áëîêèðóþùàÿ æåðòâà} d4 $1 24. Qxd4 Bg4
25. f3 Re2 26. Rf2 Rae8 27. Raf1 Bxf3 $1 28. Rxe2 Bxe2 29. Rf2 Bf3 $1 30. Qc3
g4 {, è ÷¸ðíûå ñäâîåííûå ïåøêè ïðîèçâîäÿò ãîðàçäî áîëåå ïðèÿòíîå âïå÷àòëåíèå,
÷åì èõ íåçàäà÷ëèâûå áåëûå êîëëåãè.}) ({Ëó÷øå (ïîñëå} 21... Ng5 22. Bxg5 fxg5
{), ïî-ìîåìó, ñûãðàòü, «íå ä,ðãàÿñü»,} 23. Rae1 {
, ãîòîâÿñü ê áîëüøèì ðàçìåíàì. Íî ó ÷¸ðíûõ çäåñü, ïî-ëþáîìó, íå õóæå (ÈÌÕÎ).}
) 22. Rae1 Ng6 23. f3 h5 (23... Ne5 $5) 24. Bd4 Bf5 25. c4 $1 {Âîò òàê! Êîðîëåâ
ñêèé ñëîí ãîòîâ ïðèíÿòü àêòèâíîå ó÷àñòèå â áèòâå! È îò òîãî óäàñòñÿ ëè ÷,
ðíûì âîñïðåïÿòñòâîâàòü åãî íàìåðåíèÿì çàâèñèò ðåçóëüòàò ïàðòèè!} Ne7 26. Re3 {
Ãîòîâÿñü ê ñâåðõêîíöåíòðàöèè òÿæ,ëûõ ôèãóð ïî ëèíèè «å».} Be6 $2 {
Ïîõîæå, ïðîèãðûâàåò. Ïî ãàìáóðãñêîìó, òî áèøü, ïî «ðûáêèíñêîìó ñ÷,òó».} ({
Îíà æå, Rybka, âûäà,ò êàê ëó÷øåå} 26... Bg6 {.}) 27. Qe2 Kf7 {
Îñòðîå òàêòè÷åñêîå çðåíèå íîðâåæñêîãî âóíäåðêèíäà òóò óæå íå ïîìîãàåò.} ({
Ïðîèãðûâàåò è} 27... Nf5 28. Rxe6 $1 Kf7 (28... Nxd4 $4 29. Rxe8+) 29. cxd5 $1
Nxd4 30. Qd3 $1 Nxe6 ({èëè} 30... Nxb3 31. Qxb3 Rxe6 32. dxe6+ Kg6 33. Qxb7)
31. dxe6+ Kg8 (31... Kf8 32. Qh7) 32. e7+ Kh8 33. Re1 $18) ({
«Ýêñåëüñèîðà» òîæå íå ïîëó÷àåòñÿ} 27... dxc4 28. Rxe6 cxb3 29. Rxe7 Rxe7 30.
Qxe7 bxa2 31. Ra1 $18) 28. g4 $2 {Êòî âèíîâàò â ýòîì õîäå, âûïóñêàþùåì
çàñëóæåííóþ è äàæå âûñòðàäàííóþ ïîáåäó áåëûõ? Öåéòíîò, ñîáàêà!} ({
Áåëûå ïîáåæäàëè ïîñëå} 28. Re1 $1 {(óêàçàíî ##DOOM13##>). Íå ñîâñåì
«ïî-àëåõèíñêè» (ýòî êîãäà R+R, à ñçàäè èõ åù¸ è Q ïîäïèðàåò), íî ñòðàèâàÿñü.
È ýòîãî õâàòàëî äëÿ ïîáåäû, èáî æóòêî «ðàññòðàèâàëî» ÷¸ðíûõ.} {Òî åñòü:} Nf5
29. cxd5 $1 Nxd4 (29... Nxe3 30. dxe6+) 30. dxe6+ Kg8 31. e7+ Kh8 32. Qd3 {
, è âîò âàì êëàññè÷åñêèé ïðèìåð «ïîäàâëÿþùåé ïîçèöèè»:} Nxb3 33. Qxb3 $18)
28... Ng6 $2 ({Ëó÷øå} 28... hxg4 $1 {è, ïî âñåé âèäèìîñòè, íà çàïëàíèðîâàííîå}
29. f4 (29. Rxe6 Nf5) {îáíàðóæèâàåòñÿ ñëåäóþùåå...} 29... Qh5 ({(èëè} 29... g3
30. Rxg3 Qh7 $1 {, çàáëàãîâðåìåííî çàùèùàÿ óÿçâèìûé ïóíêò â ñâî,ì ëàãåðå}) 30.
Rxe6 Nf5 31. Rxe8 Rxe8 32. Qd3 Nxd4 33. Qxd4 Re2 34. Rf2 Re1+ 35. Rf1 Re2 {
ñ êðàñèâîé íè÷üåé!}) 29. f4 $1 {Ïðàâèëüíî!} ({Åñëè ëîìèòüñÿ âïåð,ä ïóò¸ì} 29.
cxd5 $6 {, òî} Bxd5 30. Bxd5+ cxd5 31. Qb5 {
, è îêàçûâàåòñÿ, ÷òî âûèãðûø, óæå óïóùåí!} {Ó ÷¸ðíûõ èçûñêèâàåòñÿ ñïàñåíèå:
31...Rxe3! 32.Bxe3 Re8 33.Qd7+ Re7 34.Qxd5+ Kf8 35.gxh5 Nh4, è íàäî îáúÿâëÿòü
âå÷íûé øàõ: 36.Qd8+ Kf7 (36...Re8? 37.Qd6+ Re7 38.Qg3 Qxg3+ 39.hxg3 Rxe3 40.
gxh4) 37.Qd5+ Kf8=} Rxe3 $1 32. Bxe3 Re8 33. Qxb7+ Re7 34. Qxd5+ Kf8 35. gxh5
Nh4 {, è íàäî îáúÿâëÿòü âå÷íûé øàõ:} 36. Qd8+ Kf7 (36... Re8 $2 37. Qd6+ Re7
38. Qg3 Qxg3+ 39. hxg3 Rxe3 40. gxh4 {
, è íåêîòîðîå êîëè÷åñòâî ñâîèõ ëèøíèõ ïåøåê áåëûå ñîõðàíÿò.})) 29... Bxg4 $1
30. cxd5 {Ýôôåêòíî, íî íåâåðíî!} ({Êàê ìíå êàæåòñÿ, îáîþäîîñòðàÿ ñèòóàöèÿ
ñîõðàíÿëàñü íà äîñêå ïîñëå «ñèììåòðè÷íî»-ïåøå÷íîãî} 30. f5 $1 Bxe2 $1 31.
fxg6+ Kxg6 32. Rxh3 Bxf1 33. Kxf1 dxc4 34. Bxc4 Rad8 35. Bc3 {è ò.ä.}) ({
À âîò (ïîñëå} 30. f5 $1 {) íàïðàøèâàþùååñÿ} Ne5 {
âåëî ê íåâîîáîðàçèìûì êðàñîòàì!} 31. cxd5 Bxe2 32. d6+ $1 Kf8 33. Rxh3 {
È òåïåðü ëó÷øåå - ýòî} Bxf1 34. Kxf1 Nf7 35. Be6 (35. Rxh5 {- ôè! -} Re4) ({
íî çàñëóæèâàåò âíèìàíèÿ} 35. Rh4 $5) 35... Ng5 36. Rxh5 Nxe6 37. fxe6 Kg8 (
37... Rxe6 38. Rh8+) 38. e7 {. Ýõ ñëîí íå òîò! Íî âñ¸ æå ïîñëå} Kf7 39. Rh4 {
áåëûå, ïî êðàéíåé ìåðå, âíå îïàñíîñòè.}) ({
È ïðîñòî ôàíòàñòèêà ïîëó÷àåòñÿ (ïîñëå} 30. f5 $1 Ne5 31. cxd5 Bxe2 32. d6+ $1
Kf8 33. Rxh3 {)} {ïîñëå} Nd3 $2 34. Bxf6 $3 {Íå ñëûøó êðèêîâ âîñòîðãà!} Bxf1 (
34... gxf6 35. Rg3 $1) 35. Rg3 $3 Re4 36. Bxg7+ Ke8 37. Bd4 $3 {
Íåóæåëè, è çäåñü âû íå âîçîïèòå?} Nxc5 $1 38. Bxc5 Bc4 39. Bxc4 Rxc4 40. Rg8+
Kd7 41. Rxa8 Rxc5 42. f6 $1 Rf5 43. Rxa7 Rxf6 44. Rxb7+ {
, è êòî òóò èãðàåò íà ïîáåäó? À?}) 30... Bxe2 31. dxc6+ Kf8 32. Rxh3 Bxf1 33.
Kxf1 bxc6 {Áåëûì ìîãóò òîëüêî ìå÷òàòü î ñïàñåíèè! È áåç àêòèâíîé «ïîìîùè»
ïðîòèâíèêà ìå÷òû ýòè òàê è îñòàëèñü áû ìèðàæàìè!} 34. f5 (34. Rxh5 Re4 {è ò.ä.
}) 34... Nf4 35. Rh4 Nd3 $2 ({
Òàêòèêà äîëæíà áûëà áû ñîñëóæèòü íåïëîõóþ ñëóæáó ñòðàòåãèè ÷¸ðíûõ:} 35...
Re1+ $1 36. Kxe1 Ng2+ 37. Kf2 Nxh4 38. Be6 Ke7 39. Kg3 Rd8 $1 40. Bc3 Ng6 $1
$18) 36. Be6 Rab8 37. Rxh5 Rb4 $2 {Òåïåðü íè÷üÿ. Íî ÊÀÊÀß!} ({Ïîáåæäàëî} 37...
Nf4 $1) 38. Rh8+ Ke7 39. Bxf6+ $3 {Íà ôëàæêå òàêèå óäàðû îñîáåííî öåíÿòñÿ!}
Kxf6 ({Ïîñëå 39...gxf6 40.Rh7+ ïîëó÷àåòñÿ íè÷üÿ ñ ýòþäíûìè ýõî-âàðèàíòàìè!
Òî åñòü: 40...Kd8 41.Rd7+ Kc8 42.Re7+. Èëè â äðóãóþ ñòîðîíó 40...Kf8 41.Rf7+
Kg8 42.Re7+ Kf8. Êðàñèâî!} 39... gxf6 40. Rh7+ {
ïîëó÷àåòñÿ íè÷üÿ ñ ýòþäíûìè ýõî-âàðèàíòàìè! Òî åñòü:} Kd8 ({
èëè â äðóãóþ ñòîðîíó} 40... Kf8 41. Rf7+ Kg8 42. Re7+ Kf8) 41. Rd7+ Kc8 42.
Re7+ Kd8 {. Kf8. Êðàñèâî!}) 40. Rxe8 {À ñåé÷àñ íàñòóïàåò ôàçà
âçàèìîèñòðåáëåíèÿ ïåøåê, ïðåäâåùàþùàÿ ñêîðóþ íè÷üþ.} Rxb2 41. Rf8+ Ke5 42.
Rf7 Nxc5 43. Rxg7 Rxh2 44. Rxa7 Nxe6 {Âîò ýòî áèòâà!} 1/2-1/2

[Event "Corus Wijk aan Zee"]
[Site " Wijk aan Zee"]
[Date "2007.01.19"]
[Round "6"]
[White "GM Svidler, Peter (RUS)"]
[Black "GM Aronian, Levon (ARM) "]
[Result "1/2-1/2"]
[WhiteElo "2728"]
[BlackElo "2744"]
[Annotator "Ìèõàèë Êðîéòîð"]
[PlyCount "64"]
[EventDate "2007.01.??"]
[EventType "tourn"]
[EventCountry "NED"]
[EventCategory "19"]
[Source "CrestBook.com"]

1. e4 e5 2. Nf3 Nc6 3. Bb5 a6 4. Ba4 Nf6 5. O-O Be7 6. Re1 b5 7. Bb3 O-O 8. h3
{À êàê æå «Ìàðøàëë»? :)} Bb7 9. d3 d6 10. a4 Na5 11. Ba2 b4 ({Òåîðèÿ çäåñü
ãëóáîêî, õîðîøî è äåòàëüíî ðàçðàáîòàíà. Äëÿ ýòîãî ìíîãî õîðîøèõ øàõìàòèñòîâ
ïîñòàðàëèñü. Âîò êàêóþ çàïîìèíàþùóþñÿ, çàùèòíóþ èäåþ ïðîâ,ë ïîáåäèòåëü
÷åìïèîíàòà ìèðà ÔÈÄÅ â Ëèâèè:} 11... c5 12. Nbd2 Nc6 13. Nf1 Nd7 14. Ne3 Nb6
15. Nf5 Bc8 16. Nxe7+ Qxe7 17. Bg5 Qc7 18. Nh4 Be6 19. Nf5 c4 20. dxc4 Nxc4 21.
b3 Nb6 22. c4 bxc4 23. bxc4 Nd7 $1 24. Qxd6 Qxd6 25. Nxd6 Nc5 26. Be3 Nd4 27.
Rad1 Rab8 28. Bb1 Nxa4 29. Bxd4 exd4 30. Rxd4 Rb2 31. e5 Nc5 32. Bf5 a5 33.
Bxe6 {1/2-1/2 Anand,V (2786)-Kasimdzhanov,R (2678)/Linares 2005/CBM 106}) 12.
Nbd2 c5 13. c3 ({Èãðàëè è} 13. Nc4 {1/2-1/2 Gallegos,C (2452)-Gustafsson,J
(2579)/playchess.com INT 2004/CBM 099 ext (43)}) 13... Rc8 $146 {Íîâèíêà è,
èìî, íåïëîõàÿ. Îíî è ïîíÿòíî. Èñïàíñêàÿ ïàðòèÿ - îñíîâíîé äåáþò â «÷¸ðíîì»
ðåïåðòóàðå Ëåâîíà â îòâåò íà ëþáèìûé õîä Îñòàïà Áåíäåðà.} (13... Bc8 14. d4
bxc3 15. bxc3 Qc7 16. Nf1 Bb7 17. Ng3 g6 18. Bg5 c4 19. Rb1 Rfe8 20. d5 Nd7 21.
Bxe7 Rxe7 22. Rb4 Nc5 $11 {
0-1 Savko,A-Van Gisbergen,S (2280)/Aalborg 1991/EXT 2000 (42)}) 14. cxb4 cxb4
15. Nf1 d5 $1 {Ïðàêòè÷åñêè âûíóæäåííûé, íî õîðîøèé, õîä - ïîñëå íåãî ôèãóðû
÷¸ðíûõ îáðåòàþò ñâîáîäó, òîãäà êàê áåëûå áóäóò þòèòñÿ íà ïåðâûõ òð,õ
ãîðèçîíòàëÿõ. Çà àêòèâíîñòü è ïåøêó íå ãðåõ îòäàòü!} 16. exd5 b3 $1 {
È ýòî ïðàâèëüíî!} 17. Bxb3 Nxb3 18. Qxb3 Qxd5 $6 ({Ïðåäïî÷òèòåëüíåå âûãëÿäèò} 
18... Bxd5 19. Qd1 e4 20. dxe4 Nxe4 {, è ó ÷¸ðíûõ çà ïåøêó àêòèâíàÿ ôèãóðíàÿ
èãðà. Õîòÿ â Ïåòðà ñ Ëåâîíîì íà ýòîò ñ÷,ò, âèäèìî, èíîå ìíåíèå.}) 19. Qxd5
Nxd5 20. Nxe5 Nb4 {Êàêîâû ðåçóëüòàòû çàòåÿííîé ÷¸ðíûìè «öåíòðàëüíîé»
îïåðàöèè? Ó áåëûõ íà äâå ïåøêè áîëüøå, áîëåå òîãî, îíè ìîãóò îòäàòü îäíó èç
ëèøíèõ ïåøåê (d3) ðàäè ðàçâ,ðòûâàíèÿ èíèöèàòèâû íà ôåðçåâîì ôëàíãå, ãäå ó íèõ
ïåøå÷íîå ïðåâîñõîäñòâî. Îäèí èç ïðîñòåéøèõ çàêîíîâ øàõìàò ãëàñèò - âûèãðàë
ôèãóðó (ïåøêó) - ìåíÿéñÿ! À åñëè åù¸ ìîæíî ïîìåíÿòüñÿ â âûãîäíîé ðåäàêöèè...}
21. Ng6 $1 {«Ïî÷òè» êàê â çíàìåíèòîé ïàðòèè Ëåâèöêèé-Ìàðøàëë!} hxg6 22. Rxe7
Bc6 23. b3 {Ïî çàêîíàì øàõìàòíîé ñòðàòåãèè ïåøêè íàäî ñòàâèòü íà ïîëÿ,
íåäîñòóïíûå ñâîåìó ñëîíó. Íå çíàþ, âåðíî ëè ýòî â äàííîì, êîíêðåòíîì ñëó÷àå/
\ Âåäü ÷¸ðíûé êîíü óäà÷íî áëîêèðóåò ïåøêó b3, è ïîýòîìó Ëåâîí ëåãêî ìîæåò
îêàçàòü íà ýòó ïåøêó äàâëåíèå ñâîèì ñëîíîì è ëàäüÿìè.} ({
Äóìàåòñÿ, â ñëó÷àå ïðîñòîãî} 23. Bd2 Nxd3 24. Bc3 Rfe8 25. Rxe8+ Rxe8 26. Ne3
{áåëûå ïîëó÷àëè òåõíè÷åñêè âûèãðàííóþ ïîçèöèþ, òàê êàê ó íèõ îñòàâàëàñü
çäîðîâàÿ ïåøêà è ôèãóðû îáðåòàëè ïîäâèæíîñòü.}) 23... Rfd8 24. Ra7 Rd7 ({Åñëè} 
24... Rxd3 {, òî ïîñëå} 25. Bd2 Rxb3 26. Bxb4 Rxb4 27. Rxa6 {
áåëûå ïîëó÷àþò ãðîçíóþ ïðîõîäíóþ.}) 25. Be3 $6 ({Ñëåäîâàëî ïîïðîáîâàòü} 25.
Rxd7 Bxd7 26. d4 $1 Nc2 27. Rb1 Nxd4 28. Be3 {
è òåïåðü ëþáîé îòñêîê êîíÿ âûãëÿäåò íåóêëþæå, íàïðèìåð:} Ne2+ 29. Kh2 Kf8 30.
Ng3 Nxg3 31. Kxg3 $16) 25... Bb7 {Îòêëþ÷àÿ áåëóþ ëàäüþ îò
æèçíåîáåñïå÷åíèÿ. ×¸ðíûå âûèãðûâàþò êà÷åñòâî çà îòäàííûå ðàíåå 2 ïåøêè.
Ïîçèöèÿ ðàâíà.} 26. Nd2 Nc6 27. Rxb7 Rxb7 28. Rc1 Rbb8 29. Ne4 Nd8 30. Rxc8
Rxc8 31. Nc5 {
Ñ ýòîãî ïîëÿ ëîøàäêà îêàçûâàåò êîëîññàëüíîå âëèÿíèå íà âñþ äîñêó!} a5 32. d4 {
Ïîìíèòñÿ, èìåííî òàêèì êîíÿì ïåë Êàïàáëàíêà äèôèðàìáû...} Kf8 {Íè÷üÿ.  Âïîëíå
çàêîíîìåðíûé ðåçóëüòàò. Íå ñìîòðÿ íà òî, ÷òî ó áåëûõ êðàñèâûé,
öåíòðàëèçîâàííûé êîíü, ñòîÿùèé äàæå ëàäüè (åñëè ê íåìó ïðèáàâèòü ïåøêó d4 :) ),
êîðîëü ÷¸ðíûõ áûñòðåå óñïåâàåò ïîäîáðàòüñÿ ê çîíå ñðàæåíèÿ è ëè÷íî
âîçãëàâèòü îáîðîíó.} 1/2-1/2

[Event "Corus Wijk aan Zee"]
[Site " Wijk aan Zee"]
[Date "2007.01.19"]
[Round "6"]
[White "GM Radjabov, Teimour (AZE) "]
[Black "GM Ponomariov, Ruslan (UKR)"]
[Result "1/2-1/2"]
[WhiteElo "2729"]
[BlackElo "2723"]
[Annotator "Âàñèëèé Ëåáåäåâ"]
[PlyCount "33"]
[EventDate "2007.01.??"]
[EventType "tourn"]
[EventCountry "NED"]
[EventCategory "19"]
[Source "CrestBook.com"]

1. d4 Nf6 2. c4 e6 3. Nf3 b6 4. g3 Bb4+ ({Ê ïðîäîëæåíèþ} 4... Ba6 {âñòðåòèâøåì
óñÿ â ïàðòèè 2-ãî òóðà ñ Êàðÿêèíûì, Òåéìóð, ïîõîæå, áîëåå ÷åì ãîòîâ:} 5. b3 {
Ba6 5.b3 Bb4+ 6.Bd2 Be7 7.Bg2 c6 8.Bc3 d5 9.Ne5 Nfd7 10.Nxd7 Nxd7 11.Nd2 0-0
12.0-0 Rc8 13.e4 b5 14.Re1 dxe4 15.Nxe4 bxc4 16.Qe2 Rb8.} Bb4+ 6. Bd2 Be7 7.
Bg2 c6 8. Bc3 d5 9. Ne5 Nfd7 10. Nxd7 Nxd7 11. Nd2 O-O 12. O-O Rc8 13. e4 b5
14. Re1 dxe4 15. Nxe4 bxc4 16. Qe2 Rb8 {
È ñåé÷àñ ïîñëåäîâàëà èíòåðåñíàÿ íîâèíêà:} 17. Nc5 {. À çàòåì, ïîñëå îæèâë,
ííîé è èíòåðåñíîé áîðüáû Ðàäæàáîâ âûèãðàë ôåðçÿ è, â êîíöå êîíöîâ, ïîëó÷èëàñü
óæå ñòàâøàÿ çíàìåíèòîé ïîçèöèÿ-êðåïîñòü, êîòîðóþ MS èçî âñåõ ñèë ïûòàåòñÿ
âûèãðàòü ó Crest'a (ñì. https://kasparovchess.crestbook.com/viewtopic.
php?pid=47795#p47795 è äàëåå). Ïîêà Crest äåðæèòñÿ...}) 5. Bd2 Bxd2+ 6. Qxd2
Ba6 7. b3 d5 8. cxd5 exd5 9. Nc3 c5 10. Bg2 Nc6 11. Ne5 $1 {Êðàñèâî, ïî öåíòðó!
} Nxd4 ({Êîíå÷íî, íå} 11... Rc8 {âåäü ïîñëå} 12. Nxc6 Rxc6 13. dxc5 {
íàäî áèòü ëàäü,é:} Rxc5 {, îñòàâàÿñü ñ èçîëÿòîðîì.}) 12. e3 Ne6 (12... Nf5 $5)
13. Nxd5 O-O {È òîëüêî çäåñü ïàðòí,ðû íà÷àëè èãðàòü ñàìîñòîÿòåëüíî, èëè ÷òî,
íàâåðíîå, áóäåò áîëåå ïðàâèëüíûì, - ñîãëàñíî ñâîèì äîìàøíèì àíàëèçàì.} ({
Ðàíåå âñòðå÷àëîñü} 13... Nxd5 14. Bxd5 Rc8 15. f4 Qe7 16. Bc6+ Rxc6 17. Nxc6
Qb7 18. Qd6 Bb5 19. Qb8+ Qxb8 20. Nxb8 O-O 21. a4 Bd3 22. O-O-O Be4 23. Nd7 {
, è áåëûå ðåàëèçîâàëè ñâîé ïåðåâåñ â äàâíåé ïàðòèè (Georgiev,K (2380)-Pokojowcz
yk,J (2450)/Varna 1982).} Rc8 24. Rhf1 c4 25. bxc4 Rxc4+ 26. Kb2 Rc2+ 27. Ka3
f6 28. Rc1 Rxh2 29. f5 Ng5 30. Rc7 Re2 31. Rxa7 Rxe3+ 32. Kb4 Bd3 33. Rf4 Rxg3
34. Rd4 Nf7 {1-0}) 14. Nc6 ({Íî íå} 14. Nxf6+ Qxf6 15. Bxa8 Qxe5 $19) 14... Qe8
15. Nxf6+ gxf6 16. O-O-O {×òî ÿ ìîãó ñêàçàòü ïðî ýòîò õîä? «Êðåàòèâ» äà è
òîëüêî! Îäíàêî áûëî ñäåëàíî âñåãîëèøü äâà õîäà} Rc8 17. Qd7 {è ñîïåðíèêè, êàê
ãîâîðèòñÿ, «ñîãëàñèëèñü».  Ïîíÿòíî, ÷òî íà óìå ó Òåéìóðà. Çàâòðàøíàÿ
âñòðå÷à ñ Àíàíäîì. Íàäî áû «÷åëÿáèí» â ïàìÿòè îñâåæèòü, «Ñòàðóøêó» ïî
õîäó äåëà ïîäðåìîíòèðîâàòü...} ({Õîòÿ, äàâàéòå, ïîäâèãàåì ôèãóðû åù¸ íåìíîãî:} 
17. Qd7 Rc7 {(ïîõîæå, ëó÷øåå, èíà÷å êîíü óáåãàåò ÷åðåç å7).  È âîò ÷òî ó
ìåíÿ «íààíàëèçèðîâàëîñü» â èòîãå} 18. Qxe8 {(à ýòî, óæ òî÷íî, åäèíñòâåííîå)}
Rxe8 19. Rd6 Rec8 20. Rhd1 (20. Na5 $6 c4 $1) {Òåïåðü â ñëó÷àå} 20... Bb7 {
êîíü áåëûõ ïðîÿâëÿåò ÷óäåñà ëîâêîñòè:} ({íà} 20... Bb5 {ïîñëåäóåò} 21. Nd8 {
, è ïîëó÷àåòñÿ «ýíäøïèëü, áîëåå ïðèÿòíûé äëÿ ÷åðíûõ». (À Äåâÿòêèí, îíëàéí
íà chesspro: https://www.chesspro.ru/_events/2007/weik.html)}) 21. Nxa7 $1 Ra8
22. Nb5 $1 Bxg2 23. Nxc7 Nxc7 24. Kb2 {
, è áåëûå åùå ïåøå÷êó ñêóøàþò, à ïîòîì áûòü ìîæåò è åù¸ (íå) îäíó...}) ({
À ïîïûòêà (ïîñëå} 17. Qd7 Rc7 18. Qxe8 Rxe8 19. Rd6 Rec8 20. Rhd1 {
)  ñûãðàòü «òîíêî»} Be2 $5 {
ñ èäååé çàâëå÷ü ëàäüþ ïîä «òû÷îê». íàòàëêèâàåòñÿ íà ñëåäóþùåå âîçðàæåíèå}
21. R1d2 Bb5 22. Nd8 c4 23. b4 c3 24. Rd1 Be2 $2 ({îïÿòü òóäà æå! Ëó÷øå} 24...
Rxd8 25. Rxd8+ Nxd8 26. Rxd8+ Kg7 {è ò.ä.}) 25. Bh3 $1 {Âîò òàê! È ïðîèãðûâàåò}
Bxd1 $2 {èç-çà} 26. Nxe6 Bf3 27. Nd4 {è ò.ä.}) 1/2-1/2